Política comercial e integración económica en Centroamérica /
সংরক্ষণ করুন:
| সংস্থা লেখক: | , |
|---|---|
| বিন্যাস: | পাঠ্য |
| প্রকাশিত: |
San José:
FUNPADEM
|
| ট্যাগগুলো: |
ট্যাগ যুক্ত করুন
কোনো ট্যাগ নেই, প্রথমজন হিসাবে ট্যাগ করুন!
|
MARC
| LEADER | 00000 a a2200000 04500 | ||
|---|---|---|---|
| 001 | 25810 | ||
| 003 | |||
| 040 | |||
| 020 | |a 9968-9804-1-2 | ||
| 090 | |a 174206 | ||
| 110 | |a Fundación del servicio exterior para la paz y la democracia | ||
| 245 | |a Política comercial e integración económica en Centroamérica / |c Fundación del servicio exterior para la paz y la democracia | ||
| 260 | |a San José: |b FUNPADEM | ||
| 300 | |a 276 p. | ||
| 710 | |a FUNPADEM |a Centro para las Relaciones Económicas Internacionales |a CREI | ||
| 999 | |c 16371 |d 16371 | ||



